[Event "POL-ch sf"]
[Site "Karpacz"]
[Date "2023.12.11"]
[Round "8"]
[White "Smukowski, Bartosz"]
[Black "Reichel, Lukasz"]
[Result "1/2-1/2"]
[WhiteElo "1726"]
[BlackElo "1874"]
[PlyCount "103"]
[EventDate "2023.12.04"]
[EventType "swiss"]
[EventRounds "9"]
[EventCountry "POL"]
[SourceTitle "EXT 2025"]
[Source "ChessBase"]
[SourceDate "2024.10.14"]
[SourceVersion "1"]
[SourceVersionDate "2024.10.14"]
[SourceQuality "1"]

1. d4 Nf6 2. c4 g6 3. Nc3 Bg7 4. e4 d6 5. Nf3 0-0 6. h3 c5 7. d5 e6 8. Bd3 exd5 9. exd5 Re8+ 10. Be3 Na6 11. a3 Nc7 12. 0-0 b5 13. Rb1 bxc4 14. Bxc4 Bf5 15. Rc1 Rb8 16. b3 Ne4 17. Bd2 Nxd2 18. Qxd2 Qf6 19. Qf4 Re7 20. g4 Bd7 21. Qxf6 Bxf6 22. a4 Rbe8 23. Kg2 h6 24. Nd2 Bd4 25. Nf3 Bg7 26. Nd1 f5 27. Ne3 f4 28. Nc2 Bf6 29. Nce1 Kg7 30. Nd3 g5 31. Nxc5 dxc5 32. d6 Re6 33. dxc7 Rc6 34. Rfd1 Rxc7 35. Rxd7+ Rxd7 36. Bb5 Red8 37. Bxd7 Rxd7 38. Rxc5 Rb7 39. Nd2 Bd4 40. Rd5 Bc3 41. Ne4 Bb4 42. Kf3 a5 43. Ke2 Rc7 44. Kd1 Re7 45. f3 Rc7 46. Rd3 Kg6 47. Rd4 Rc8 48. Rc4 Rd8+ 49. Kc2 Rd7 50. Rc6+ Kg7 51. Rc8 Kf7 52. Nc3 1/2-1/2

[Event "POL-ch sf"]
[Site "Karpacz"]
[Date "2023.12.04"]
[Round "1"]
[White "Madej, Marek"]
[Black "Smukowski, Bartosz"]
[Result "1/2-1/2"]
[WhiteElo "2133"]
[BlackElo "1726"]
[PlyCount "73"]
[EventDate "2023.12.04"]
[EventType "swiss"]
[EventRounds "9"]
[EventCountry "POL"]
[SourceTitle "CBM 217 Extra"]
[Source "ChessBase"]
[SourceDate "2024.01.31"]
[SourceVersion "1"]
[SourceVersionDate "2024.01.31"]
[SourceQuality "1"]

1. e4 c5 2. Nf3 e6 3. d4 cxd4 4. Nxd4 Qb6 5. Nb3 Nc6 6. Be3 Qc7 7. Nc3 Bb4 8. Bd3 Nf6 9. 0-0 Bxc3 10. bxc3 0-0 11. Bg5 Ne8 12. f4 f6 13. Bh4 b6 14. Nd4 Nxd4 15. cxd4 Bb7 16. c4 Nd6 17. e5 fxe5 18. fxe5 Rxf1+ 19. Qxf1 Rf8 20. Bxh7+ Kxh7 21. Qxf8 Nf5 22. Qf7 Qxc4 23. Qh5+ Kg8 24. Qe8+ Kh7 25. Qh5+ Kg8 26. Bf2 Nxd4 27. Qe8+ Kh7 28. Qh5+ Kg8 29. Re1 Nf5 30. a3 Bc6 31. Qe8+ Kh7 32. Qh5+ Kg8 33. h3 Qb3 34. Qe8+ Kh7 35. Qh5+ Kg8 36. Qe8+ Kh7 37. Qh5+ 1/2-1/2

[Event "Wroclaw Anderssen Memorial op-B"]
[Site "Wroclaw"]
[Date "2023.??.??"]
[Round "5"]
[White "Smukowski, Bartosz"]
[Black "Przybyla, Andrzej"]
[Result "1-0"]
[WhiteElo "1686"]
[BlackElo "1450"]
[PlyCount "119"]
[EventDate "2023.08.06"]
[EventType "swiss"]
[EventRounds "9"]
[EventCountry "POL"]
[SourceTitle "EXT 2024"]
[Source "ChessBase"]
[SourceDate "2023.10.10"]
[SourceVersion "1"]
[SourceVersionDate "2023.10.10"]
[SourceQuality "1"]

1. d4 Nf6 2. c4 e6 3. Nf3 Bb4+ 4. Nbd2 0-0 5. a3 Bxd2+ 6. Bxd2 d5 7. e3 b6 8. Rc1 Bb7 9. c5 bxc5 10. Qb3 Bc6 11. Rxc5 Qd7 12. Ne5 Qe8 13. Nxc6 Ne4 14. Rc2 Nxd2 15. Kxd2 Nxc6 16. Bb5 Na5 17. Qa4 c6 18. Bxc6 Nxc6 19. Qxc6 Qd8 20. Qc7 Qg5 21. Qg3 Qd8 22. Rhc1 Qa5+ 23. Ke2 h6 24. Qc7 Qa6+ 25. Kf3 Rab8 26. Qc3 Rb6 27. Rd1 Rfb8 28. b4 Qa4 29. Rb1 Ra6 30. Qc7 Rab6 31. Rc3 R6b7 32. Qc6 Qxc6 33. Rxc6 Kf8 34. Rc5 Ke8 35. Ke2 Kd7 36. Kd3 Rc7 37. Rbc1 Rxc5 38. Rxc5 Rb6 39. Kc3 a6 40. Kb3 Rd6 41. Ka4 f6 42. f4 g5 43. g3 gxf4 44. gxf4 Rb6 45. Ka5 Rb8 46. f5 Re8 47. a4 Kd6 48. fxe6 Rxe6 49. Rc3 Kd7 50. b5 axb5 51. axb5 Re8 52. b6 Ra8+ 53. Kb5 Ra2 54. b7 Rb2+ 55. Ka6 Ra2+ 56. Kb6 Rb2+ 57. Ka7 Ra2+ 58. Kb8 Rxh2 59. Ra3 Rb2 60. Ka7 1-0

[Event "Wroclaw Anderssen Memorial op-B"]
[Site "Wroclaw"]
[Date "2023.??.??"]
[Round "7"]
[White "Smukowski, Bartosz"]
[Black "Trybowska, Barbara"]
[Result "1-0"]
[WhiteElo "1686"]
[BlackElo "1875"]
[PlyCount "145"]
[EventDate "2023.08.06"]
[EventType "swiss"]
[EventRounds "9"]
[EventCountry "POL"]
[SourceTitle "EXT 2024"]
[Source "ChessBase"]
[SourceDate "2023.10.10"]
[SourceVersion "1"]
[SourceVersionDate "2023.10.10"]
[SourceQuality "1"]

1. c4 e6 2. Nc3 d5 3. d4 Nf6 4. Bg5 Be7 5. e3 0-0 6. Nf3 b6 7. cxd5 exd5 8. Rc1 Bb7 9. Be2 Nbd7 10. 0-0 Ne4 11. Bf4 Bd6 12. Bxd6 cxd6 13. Nb5 Ndf6 14. Qb3 Ba6 15. Qa4 Bxb5 16. Bxb5 Qe7 17. Ba6 h5 18. Qa3 Rfe8 19. Rc2 g5 20. Nd2 Kg7 21. Nxe4 dxe4 22. Rfc1 Red8 23. Qb3 h4 24. Rc7 Rd7 25. Qc4 h3 26. g3 Rad8 27. Rxd7 Qxd7 28. Bc8 Qe7 29. Bxh3 g4 30. Bg2 d5 31. Qc7 Rd7 32. Qe5 Qxe5 33. dxe5 Ne8 34. Rd1 f5 35. exf6+ Nxf6 36. h3 gxh3 37. Bxh3 Rd6 38. Rc1 Kg6 39. Rc2 a5 40. Kf1 Nh7 41. Ke2 Ng5 42. Bg2 Kf5 43. Rc7 Rh6 44. Rd7 Ke5 45. Rc7 Kd6 46. Rc2 Ne6 47. Rd2 Nc5 48. f3 Rh2 49. Kd1 Ke5 50. f4+ Kd6 51. g4 Nd3 52. g5 Ke6 53. f5+ Ke5 54. g6 Rh5 55. Bf1 Rxf5 56. Bxd3 exd3 57. Rg2 Rf8 58. g7 Rg8 59. Kd2 Ke4 60. Rg4+ Kf5 61. Rg1 Ke4 62. a4 d4 63. exd4 Kxd4 64. Rg4+ Kc5 65. Kxd3 Rd8+ 66. Ke4 Kb4 67. g8Q Rxg8 68. Rxg8 Kxa4 69. Rg3 b5 70. Kd4 Kb4 71. Re3 a4 72. Rf3 Ka5 73. Kc5 1-0

[Event "Polanica Zdroj op-B 58th"]
[Site "Polanica Zdroj"]
[Date "2022.08.21"]
[Round "9"]
[White "Owoc, Jakub"]
[Black "Smukowski, Bartosz"]
[Result "0-1"]
[WhiteElo "1756"]
[BlackElo "1696"]
[PlyCount "146"]
[EventDate "2022.08.13"]
[EventType "swiss"]
[EventRounds "9"]
[EventCountry "POL"]
[SourceTitle "CBM 210 Extra"]
[Source "ChessBase"]
[SourceDate "2022.11.30"]
[SourceVersion "1"]
[SourceVersionDate "2022.11.30"]
[SourceQuality "1"]

1. Nf3 Nf6 2. b3 g6 3. Bb2 Bg7 4. g3 b6 5. Bg2 Bb7 6. d4 c5 7. 0-0 cxd4 8. Bxd4 0-0 9. Na3 d6 10. c4 Na6 11. Rc1 Nc7 12. Re1 Ne6 13. e3 Rc8 14. Qe2 Re8 15. b4 Qd7 16. Qb2 Nxd4 17. exd4 a6 18. Qb3 h6 19. Rcd1 Qc7 20. h3 e6 21. Rc1 Qd7 22. Nc2 Nh7 23. Rcd1 Ng5 24. Nxg5 hxg5 25. Bxb7 Qxb7 26. Ne3 Rc7 27. Qd3 Rec8 28. Rc1 Qf3 29. Qd1 Qxd1 30. Rexd1 Bf8 31. Kf1 f5 32. Rd2 f4 33. gxf4 gxf4 34. Ng2 Rxc4 35. Rxc4 Rxc4 36. a3 Rc3 37. a4 Bh6 38. Ne1 Rxh3 39. f3 Rh1+ 40. Kf2 Bg5 41. Ke2 Kf7 42. Rc2 Rh2+ 43. Kd3 Rxc2 44. Nxc2 d5 45. b5 axb5 46. axb5 Be7 47. Ke2 Kf6 48. Ne1 Kf5 49. Nd3 Bd6 50. Nf2 e5 51. Kd3 g5 52. dxe5 Bxe5 53. Ng4 Bb2 54. Nh6+ Kg6 55. Ng4 Kh5 56. Ke2 Kh4 57. Nh6 Kh3 58. Nf5 Bf6 59. Kf2 g4 60. fxg4 Kxg4 61. Nd6 Bd4+ 62. Kf1 Kf3 63. Nc8 Bc5 64. Na7 d4 65. Nc6 d3 66. Ne5+ Ke4 67. Nc4 Be3 68. Ke1 d2+ 69. Kd1 Kf3 70. Ne5+ Kg3 71. Nc4 Kg2 72. Ke2 f3+ 73. Kd1 Bf4 0-1

[Event "Polanica Zdroj op-B 58th"]
[Site "Polanica Zdroj"]
[Date "2022.08.19"]
[Round "7"]
[White "Graff, Slawomir"]
[Black "Smukowski, Bartosz"]
[Result "1/2-1/2"]
[WhiteElo "1782"]
[BlackElo "1696"]
[PlyCount "26"]
[EventDate "2022.08.13"]
[EventType "swiss"]
[EventRounds "9"]
[EventCountry "POL"]
[SourceTitle "CBM 210 Extra"]
[Source "ChessBase"]
[SourceDate "2022.11.30"]
[SourceVersion "1"]
[SourceVersionDate "2022.11.30"]
[SourceQuality "1"]

1. d4 d5 2. c4 c6 3. cxd5 cxd5 4. Nf3 Nf6 5. Nc3 Nc6 6. Bf4 a6 7. e3 Bf5 8. h3 h6 9. Bd3 Bxd3 10. Qxd3 e6 11. a3 Bd6 12. Bxd6 Qxd6 13. 0-0 0-0 1/2-1/2

[Event "Polanica Zdroj op-B 58th"]
[Site "Polanica Zdroj"]
[Date "2022.08.16"]
[Round "4"]
[White "Smukowski, Bartosz"]
[Black "Hury, Tymoteusz"]
[Result "1-0"]
[WhiteElo "1696"]
[BlackElo "1679"]
[PlyCount "89"]
[EventDate "2022.08.13"]
[EventType "swiss"]
[EventRounds "9"]
[EventCountry "POL"]
[SourceTitle "CBM 210 Extra"]
[Source "ChessBase"]
[SourceDate "2022.11.30"]
[SourceVersion "1"]
[SourceVersionDate "2022.11.30"]
[SourceQuality "1"]

1. d4 d5 2. c4 e6 3. Nc3 Be7 4. Bf4 Nf6 5. e3 0-0 6. Bd3 Nbd7 7. c5 c6 8. Nge2 b6 9. b4 a5 10. a3 Nh5 11. Bg3 h6 12. 0-0 Nxg3 13. hxg3 e5 14. Bf5 exd4 15. Nxd4 Ne5 16. Bxc8 Rxc8 17. Na4 Nc4 18. Ra2 b5 19. Nc3 Bf6 20. Nce2 Qc7 21. Nf4 g6 22. Qf3 Ne5 23. Qe2 Ra8 24. Rfa1 Nc4 25. a4 Bxd4 26. exd4 axb4 27. axb5 Rxa2 28. Qxa2 cxb5 29. Qb3 Qe7 30. Nxd5 Qd8 31. Nxb4 Qxd4 32. Rd1 Qxc5 33. Rd5 Qb6 34. Nd3 Rb8 35. Nf4 Qa5 36. Qxc4 Qa1+ 37. Qf1 Qb2 38. Qd1 b4 39. Rd2 Qe5 40. Re2 Qb5 41. Qd5 Qa6 42. Qe5 Rc8 43. Nd5 Rc1+ 44. Kh2 Qc4 45. Nf6+ 1-0

[Event "Polanica Zdroj op-B 58th"]
[Site "Polanica Zdroj"]
[Date "2022.08.14"]
[Round "2"]
[White "Smukowski, Bartosz"]
[Black "Rogala, Milosz"]
[Result "1/2-1/2"]
[WhiteElo "1696"]
[BlackElo "1837"]
[PlyCount "80"]
[EventDate "2022.08.13"]
[EventType "swiss"]
[EventRounds "9"]
[EventCountry "POL"]
[SourceTitle "CBM 210 Extra"]
[Source "ChessBase"]
[SourceDate "2022.11.30"]
[SourceVersion "1"]
[SourceVersionDate "2022.11.30"]
[SourceQuality "1"]

1. d4 d5 2. c4 c6 3. Nc3 Nf6 4. Nf3 e6 5. Bg5 dxc4 6. e4 b5 7. e5 h6 8. Bd2 Nd5 9. Be2 Nd7 10. 0-0 Nxc3 11. Bxc3 Nb6 12. b4 Nd5 13. Qd2 a5 14. a3 axb4 15. axb4 Rxa1 16. Rxa1 Be7 17. g3 0-0 18. Ne1 Qb6 19. Bf3 Bb7 20. Bxd5 exd5 21. Qa2 Ra8 22. Qb2 Ra6 23. Rxa6 Qxa6 24. Kg2 Qa4 25. f3 Bc8 26. Qd2 Bf5 27. h4 Qb3 28. g4 Bb1 29. Kg3 Kh7 30. Ng2 Qc2 31. Qxc2+ Bxc2 32. Ne3 Bd3 33. f4 h5 34. f5 hxg4 35. Kxg4 Be2+ 36. Kg3 Bd3 37. Bd2 Bd8 38. Kg4 Be2+ 39. Kg3 Bd3 40. Kg4 Be2+ 1/2-1/2

[Event "Hradec Kralove op 11th"]
[Site "Hradec Kralove"]
[Date "2021.11.12"]
[Round "8"]
[White "Lifshits, Felix"]
[Black "Smukowski, Bartosz"]
[Result "1-0"]
[WhiteElo "2185"]
[BlackElo "1558"]
[PlyCount "75"]
[EventDate "2021.11.06"]
[EventType "swiss"]
[EventRounds "9"]
[EventCountry "CZE"]
[SourceTitle "CBM 205 Extra"]
[Source "ChessBase"]
[SourceDate "2022.01.31"]
[SourceVersion "1"]
[SourceVersionDate "2022.01.31"]
[SourceQuality "1"]

1. e4 c5 2. Nc3 d6 3. g3 g6 4. Bg2 Nc6 5. Nge2 Bg7 6. 0-0 e6 7. d3 Nge7 8. Be3 e5 9. Qd2 0-0 10. Bh6 Be6 11. Bxg7 Kxg7 12. Nd5 Bxd5 13. exd5 Nb8 14. f4 f6 15. fxe5 fxe5 16. Rxf8 Qxf8 17. Rf1 Qe8 18. Nc3 Na6 19. Qg5 Ng8 20. Ne4 h6 21. Qh4 Rd8 22. Bh3 Qe7 23. Qxe7+ Nxe7 24. Be6 Rf8 25. Rxf8 Kxf8 26. Nxd6 Nc7 27. Nxb7 Nexd5 28. Bxd5 Nxd5 29. Nxc5 Ke7 30. Ne4 Ke6 31. Kf2 Nb6 32. c4 Nc8 33. b4 Ne7 34. b5 Nf5 35. a4 Kd7 36. a5 Ke7 37. Nc3 Nd6 38. Ke3 1-0

[Event "Rubinstein Memorial op-D 57th"]
[Site "Polanica Zdroj"]
[Date "2021.08.15"]
[Round "2"]
[White "Smukowski, Bartosz"]
[Black "Borkowski, Stanislaw"]
[Result "1/2-1/2"]
[WhiteElo "1659"]
[BlackElo "1378"]
[PlyCount "134"]
[EventDate "2021.08.14"]
[EventType "swiss"]
[EventRounds "9"]
[EventCountry "POL"]
[SourceTitle "CBM 204 Extra"]
[Source "ChessBase"]
[SourceDate "2021.11.30"]
[SourceVersion "1"]
[SourceVersionDate "2021.11.30"]
[SourceQuality "1"]

1. Nf3 Nf6 2. c4 g6 3. Nc3 Bg7 4. d3 d6 5. g3 Bd7 6. Bg2 Qc8 7. 0-0 Bh3 8. Bg5 c6 9. Qd2 h5 10. Bxf6 Bxf6 11. Ne4 Bg7 12. Qe3 0-0 13. Nc3 Bxg2 14. Kxg2 Re8 15. d4 Nd7 16. Rac1 c5 17. dxc5 Nxc5 18. b3 Qe6 19. Qxe6 Nxe6 20. Nd5 Rac8 21. e3 a5 22. Nb6 Rc6 23. Na4 Rec8 24. Rcd1 Nc5 25. Nxc5 Rxc5 26. a4 R5c7 27. Rd5 Rc5 28. Rfd1 Kf8 29. Ng5 Rxd5 30. Rxd5 Bc3 31. Ne4 Bb4 32. Rb5 Rc7 33. f3 e6 34. Kh3 Ke8 35. Nf2 d5 36. cxd5 exd5 37. Rxd5 Rc2 38. Ne4 Rb2 39. Rd3 Ke7 40. f4 f6 41. Nc3 g5 42. fxg5 fxg5 43. g4 Bxc3 44. Rxc3 h4 45. Rc7+ Ke6 46. Rxb7 Re2 47. Rb5 Rxe3+ 48. Kg2 Kf6 49. b4 axb4 50. Rxb4 Ra3 51. h3 Ra2+ 52. Kf3 Ra3+ 53. Ke4 Rxh3 54. Rb6+ Kg7 55. Kf5 Ra3 56. Kxg5 h3 57. Rh6 Rxa4 58. Rxh3 Ra5+ 59. Kh4 Kg6 60. Rb3 Ra6 61. Rb4 Kh6 62. Kg3 Kg5 63. Rb5+ Kg6 64. Kh4 Kh6 65. g5+ Kg6 66. Rb4 Ra1 67. Rb6+ Kg7 1/2-1/2